Strange, but true. (Record no. 14989)

MARC details
000 -LEADER
fixed length control field 00614cam a22002051 4500
001 - CONTROL NUMBER
control field ca 17000828
003 - CONTROL NUMBER IDENTIFIER
control field DLC
005 - DATE AND TIME OF LATEST TRANSACTION
control field 20260227111102.0
008 - FIXED-LENGTH DATA ELEMENTS--GENERAL INFORMATION
fixed length control field 780123s1893 xx ac 000 0 eng
010 ## - LIBRARY OF CONGRESS CONTROL NUMBER
LC control number ca 17000828
035 ## - SYSTEM CONTROL NUMBER
System control number (OCoLC)3574188
040 ## - CATALOGING SOURCE
Original cataloging agency DLC
Transcribing agency NcCU
Modifying agency NcCU
-- DLC
042 ## - AUTHENTICATION CODE
Authentication code premarc
050 00 - LIBRARY OF CONGRESS CALL NUMBER
Classification number G530
Item number .C88
100 1# - MAIN ENTRY--PERSONAL NAME
Personal name Crapo, Thomas,
Dates associated with a name 1842-1899.
245 10 - TITLE STATEMENT
Title Strange, but true.
Remainder of title Life and adventures of Captain Thomas Crapo and wife.
Statement of responsibility, etc. William J. Cowin, editor.
260 ## - PUBLICATION, DISTRIBUTION, ETC.
Place of publication, distribution, etc. New Bedford,
Name of publisher, distributor, etc. T. Crapo,
Date of publication, distribution, etc. 1893.
300 ## - PHYSICAL DESCRIPTION
Extent 154 p.
Other physical details illus., ports.
Dimensions 20 cm.
700 1# - ADDED ENTRY--PERSONAL NAME
Personal name Cowin, William J.

No items available.

Powered by Koha